LIBRARY & INFORMATION CENTRE, KCAET, TAVANUR

ONLINE PUBLIC ACCESS CATALOGUE (OPAC)

100 great modern lives: makers of the world today from Faraday to Kennedy / (Record no. 11376)

MARC details
000 -LEADER
fixed length control field 00415cam a2200145ua 4500
041 ## - LANGUAGE CODE
Language code of text/sound track or separate title eng
082 ## - DEWEY DECIMAL CLASSIFICATION NUMBER
Classification number 920.009
Item number CAN/GR
100 ## - MAIN ENTRY--AUTHOR NAME
Personal name Canning, John .
245 ## - TITLE STATEMENT
Title 100 great modern lives: makers of the world today from Faraday to Kennedy /
260 ## - PUBLICATION, DISTRIBUTION, ETC. (IMPRINT)
Place of publication Mumbai :
Name of publisher Asia Publishing House ,
Year of publication 1965.
300 ## - PHYSICAL DESCRIPTION
Number of Pages 640 ; .
942 ## - ADDED ENTRY ELEMENTS (KOHA)
Koha item type Books
Holdings
Withdrawn status Lost status Damaged status Home library Current library Date acquired Full call number Accession Number Koha item type
Withdrawn     KAUAET Malayalam University 07/04/2012 920.009 10387 Books
free website counter